| 000 | 00766nam a2200253Ia 4500 | ||
|---|---|---|---|
| 001 | 962 | ||
| 003 | GE_BSU | ||
| 008 | 181216s||||||||xx |||||||||||||| ||und|| | ||
| 020 | _a9785222138243 | ||
| 040 | _cGE_BSU | ||
| 080 | _a159.922.7 | ||
| 100 | _aИстратова. О.Н; Широкова. Г.А; Эксакусто. Т.В; | ||
| 245 | _aБольшая книга детского психолога. | ||
| 245 | _bСерия ,,Психологический практикум | ||
| 250 | _aИзд. 2-е. | ||
| 260 | _aРостов-на-Дону | ||
| 260 | _bФеникс | ||
| 260 | _c2008 | ||
| 300 | _a568стр. | ||
| 541 | _h20 л. | ||
| 653 | _aДетская психология | ||
| 653 | _aფსიქოლოგია | ||
| 942 | _cBK | ||
| 999 |
_c35121 _d35121 |
||